000 00380nam a22001577a 4500
003 OSt
020 _a9780195693409
040 _c0
_d0
082 _222
_a476.21
100 _aBell, David A.
245 _aElectronic device and circuits /
250 _a5th ed.
260 _aNew Delhi,
_bOxford University,
_cc2013.
300 _axx, 1072 p. ;
_bill. ;
_c24 cm.
942 _2ddc
_cECE
_07
999 _c5066
_d5066